00592nam a2200181 a 450000100060000000300090000600800410001502000150005604000280007108200150009910000290011424501240014326000490026730000100031665000290032665000270035565000280038218246CO-ViMGA141112s2004 ck r 000 u spa d a9588017874 aCO-ViMGAbspacCO-ViMGA04a371.2 M1511 aMalagón, Felix Antonio10aPlanificación institucional en la educación. Un reto estrategico de cambio para los gerentes educativos innovadores aBogotá, cPanAméricana Editorial, c2003 a284p.14aADMINISTRACION EDUCATIVA14aADMINISTRACION ESCOLAR14aPLANIFICACION EDUCATIVA